000 03446nab a2200301 i 4500
003 BR-BrBNA
005 20240603110044.0
008 240603b2023 bl.ar|pooa||| 00| 0 eng |
040 _aBR-BrBNA
_beng
072 _aQ70
100 _aLazzari, Alessandro Coelho
100 _aCorrêa, Juliano Corulli
100 _aHigarashi, Martha Mayumi
245 _aBentonite as an additive in the composting of wastewater sludge from the poultry agroindustry
500 _aPublicação on-line; 27 ref.; 6 illus.; Summaries (En, Pt)
520 _a Abstract ‒ The objective of this work was to evaluate the use of bentonite as an additive in the composting of wastewater sludge from the poultry agroindustry regarding nitrogen conservation, carbon degradation, and nutrient content increase. The experimental design was completely randomized with five treatments with bentonite at 0, 0.5, 1.0, 3.0, and 6.0%, with three replicates. The organic compost used in the treatments consisted of pine sawdust and wastewater sludge from the treatment plant. During and after the composting process, the following were analyzed, respectively: pH, dry matter, temperature, and C, N, NH4+, NO2 - , and NO3- contents; and P, K, Ca, Mg, Cu, and Zn contents and humic and fulvic acid concentrations. Bentonite at 6.0% increased C degradation, N losses, Mg content, and humification, but decreased Zn content and humidity. Bentonite, as an additive in the composting of sludge from the poultry agroindustry, promotes humification, decreases Zn content and humidity, but does not affect pH and P, K, Cu, NH4+, NO2-, and NO3- contents. Index terms: organic fertilizer, sustainability, waste treatment.
520 _a Resumo ‒ O objetivo deste trabalho foi avaliar o uso de bentonita como aditivo na compostagem de lodo de efluente da agroindústria avícola quanto à conservação de nitrogênio, à degradação de carbono e ao aumento no teor de nutrientes. O delineamento experimental foi inteiramente casualizado com cinco tratamentos com bentonita a 0, 0,5, 1,0, 3,0 e 6,0%, com três repetições. A compostagem orgânica utilizada nos tratamentos consistiu de serragem de pinus e lodo da estação de tratamento do efluente. Durante e após o processo de compostagem, foram analisados, respectivamente: pH, matéria seca, temperatura e teores de C, N, NH4+, NO2- e NO3-; e teores de P, K, Ca, Mg, Cu e Zn e concentrações dos ácidos húmico e fúlvico. A bentonita a 6,0% aumentou a degradação de C, as perdas de N, o teor de Mg e a humificação, mas diminuiu o teor de Zn e a umidade. A bentonita, como aditivo na compostagem do lodo da agroindústria avícola, promove a humificação, diminui a concentração de Zn e a umidade, mas não afeta o pH e os teores de P, K, Cu, NH4+, NO2- e NO3-. Termos para indexação: adubo orgânico, sustentabilidade, tratamento de resíduos.
650 _aAVICULTURA
650 _aINDÚSTRIA AGRÍCOLA
650 _aTRATAMENTO
650 _aRESÍDUO
650 _aADUBO ORGÃNICO
650 _aSUSTENTABILIDADE
773 0 _0920
_925804
_dBrasília-DF Empresa Brasileira de Pesquisa Agropecuária - EMBRAPA 1966-
_o2023-436359
_tPesquisa Agropecuária Brasileira (Brazil)
_x0100-204X
_gv. 58 p. 1-9; (2023)
_wBR2024001253
856 _uhttps://www.scielo.br/j/pab/a/Zk7c9wn3Ssjr4wswQbssjkJ/?format=pdf&lang=en
942 _cAnalítica
999 _c299867
_d299867